Plant anatomy. Part 1. Cells and tissues (Record no. 27072)

MARC details
000 -LEADER
fixed length control field 00351nam a2200133Ia 4500
082 ## - DEWEY DECIMAL CLASSIFICATION NUMBER
Classification number 581.4
Item number CUT;1
100 ## - MAIN ENTRY--AUTHOR NAME
Personal name Cutter, Elizabeth G
245 #0 - TITLE STATEMENT
Title Plant anatomy. Part 1. Cells and tissues
250 ## - EDITION STATEMENT
Edition statement Ed.2
260 ## - PUBLICATION, DISTRIBUTION, ETC. (IMPRINT)
Place of publication London
Name of publisher Edward Arnold
Year of publication 1969
490 ## - SERIES STATEMENT
Series statement Contemporary biology
942 ## - ADDED ENTRY ELEMENTS (KOHA)
Koha item type Books
Holdings
Withdrawn status Lost status Damaged status Not for loan Home library Current library Date acquired Full call number Accession Number Koha item type
        RRII Library RRII Library 16/12/2021 581.4 CUT;1 07703 Books